000 00646nam a2200181 4500
001 120764
003 ES-MaACL
005 20230906191622.0
007 t|
008 070214s1927 sp r ||||1| spa d
100 1 _aPrados Benítez, Nicolás.
_993637
245 1 0 _aEscuela de Artes y Oficios Artísticos de Almería
_b: Memoria del curso de 1926 - 27 /
_celevada... por D. Nicolás Prados Benítez.
260 _aAlmería :
_bSempere,
_c1927.
300 _a30 p. ;
_c22 cm.
610 2 _aEscuela de Artes y Oficios de Almería-
_vMemorias.
_9148588
710 0 0 _aEscuela de Artes y Oficios de Almería.
_93527
852 _aES-MaACL
_j1723-F-3
999 _c120764
_d120764